|
|
|
|
| LEADER |
00000nam0a2200000 4500 |
| 001 |
114174 |
| 005 |
20231031122152.0 |
| 035 |
|
|
|a (RuTPU)RU\TPU\book\123475
|
| 035 |
|
|
|a RU\TPU\book\123461
|
| 090 |
|
|
|a 114174
|
| 100 |
|
|
|a 20070419d1987 k y0rusy50 ca
|
| 101 |
0 |
|
|a rus
|
| 102 |
|
|
|a RU
|
| 105 |
|
|
|a y b 000zy
|
| 200 |
1 |
|
|a Дополнения и изменения на 1987 год к "Номенклатурному каталогу на освоенные и серийно выпускаемые изделия химического машиностроения на 1985 год"
|f Центральный институт научно-технической информации и технико-экономических исследований по химическому и нефтяному машиностроению (ЦИНТИХИМНЕФТЕМАШ); сост. В. Я. Хейсон, Н. А. Соляник, Т. П. Трубина, О. Ф. Михайлык, З. Б. Жужунова
|
| 210 |
|
|
|a Москва
|c ЦИНТИХИМНЕФТЕМАШ
|d 1987
|
| 215 |
|
|
|a 23 с.
|
| 610 |
1 |
|
|a каталоги
|
| 610 |
1 |
|
|a эмалированное оборудование
|
| 610 |
1 |
|
|a сушильное оборудование
|
| 610 |
1 |
|
|a питатели
|
| 610 |
1 |
|
|a центрифуги
|
| 610 |
1 |
|
|a фильтры
|
| 610 |
1 |
|
|a перемешивающие устройства
|
| 610 |
1 |
|
|a выпарные аппараты
|
| 675 |
|
|
|a 66(085)
|v 3
|
| 702 |
|
1 |
|a Хейсон
|b В. Я.
|4 220
|
| 702 |
|
1 |
|a Соляник
|b Н. А.
|4 220
|
| 702 |
|
1 |
|a Трубина
|b Т. П.
|4 220
|
| 702 |
|
1 |
|a Михайлык
|b О. Ф.
|4 220
|
| 702 |
|
1 |
|a Жужунова
|b З. Б.
|4 220
|
| 712 |
0 |
2 |
|a Центральный институт научно-технической информации и технико-экономических исследований по химическому и нефтяному машиностроению (ЦИНТИХИМНЕФТЕМАШ)
|2 stltpush
|3 (RuTPU)RU\TPU\col\10810
|
| 801 |
|
1 |
|a RU
|b 63413507
|c 20070419
|g PSBO
|
| 801 |
|
2 |
|a RU
|b 63413507
|c 20070419
|g PSBO
|
| 942 |
|
|
|c BK
|